Формирование набора данных для медицинских исследований; Информационные технологии в науке, управлении, социальной сфере и медицине; Ч. 1
| Parent link: | Информационные технологии в науке, управлении, социальной сфере и медицине: сборник научных трудов III Международной научной конференции, 23-26 мая 2016 г., Томск.— , 2016 Ч. 1.— 2016.— [С. 640-641] |
|---|---|
| Autor principal: | |
| Autor Corporativo: | |
| Outros Autores: | |
| Resumo: | Заглавие с титульного экрана The article focused on the data search and data analysis problems of questioning data on studying of biological markers at diseases of nervous system. The existing information system,which was created in Oracle APEX, was supplemented with a module that allows exporting data to an Excel file. It allows making the process of data analysis less time consuming. |
| Idioma: | russo |
| Publicado em: |
2016
|
| Colecção: | Математические методы и информационные технологии в медицине |
| Assuntos: | |
| Acesso em linha: | http://earchive.tpu.ru/handle/11683/31379 |
| Formato: | Recurso Electrónico Capítulo de Livro |
| KOHA link: | https://koha.lib.tpu.ru/cgi-bin/koha/opac-detail.pl?biblionumber=619539 |
MARC
| LEADER | 00000naa2a2200000 4500 | ||
|---|---|---|---|
| 001 | 619539 | ||
| 005 | 20231101133051.0 | ||
| 035 | |a (RuTPU)RU\TPU\conf\17975 | ||
| 035 | |a RU\TPU\conf\17971 | ||
| 090 | |a 619539 | ||
| 100 | |a 20160824d2016 k y0rusy50 ca | ||
| 101 | 0 | |a rus | |
| 102 | |a RU | ||
| 105 | |a y z 101zy | ||
| 135 | |a drgn ---uucaa | ||
| 181 | 0 | |a i | |
| 182 | 0 | |a b | |
| 200 | 1 | |a Формирование набора данных для медицинских исследований |d Preparating a data set for medical research |f А. Е. Бочарова, Н. А. Воронецкая | |
| 203 | |a Текст |c электронный | ||
| 225 | 1 | |a Математические методы и информационные технологии в медицине | |
| 230 | |a 1 компьютерный файл (pdf; 275 Kb) | ||
| 300 | |a Заглавие с титульного экрана | ||
| 320 | |a [Библиогр.: с. 641 (4 назв.)] | ||
| 330 | |a The article focused on the data search and data analysis problems of questioning data on studying of biological markers at diseases of nervous system. The existing information system,which was created in Oracle APEX, was supplemented with a module that allows exporting data to an Excel file. It allows making the process of data analysis less time consuming. | ||
| 461 | 1 | |0 (RuTPU)RU\TPU\conf\17281 |t Информационные технологии в науке, управлении, социальной сфере и медицине |o сборник научных трудов III Международной научной конференции, 23-26 мая 2016 г., Томск |o в 2 ч. |d 2016 | |
| 463 | 1 | |0 (RuTPU)RU\TPU\conf\17283 |t Ч. 1 |f Национальный исследовательский Томский политехнический университет (ТПУ) ; ред. кол. О. Г. Берестнева ; О. М. Гергет ; Т. А. Гладкова |v [С. 640-641] |d 2016 | |
| 510 | 1 | |a Preparating a data set for medical research |z eng | |
| 610 | 1 | |a труды учёных ТПУ | |
| 610 | 1 | |a электронный ресурс | |
| 610 | 1 | |a медицинские исследования | |
| 610 | 1 | |a информационные системы | |
| 610 | 1 | |a СибГМУ | |
| 610 | 1 | |a обработка | |
| 610 | 1 | |a SQL | |
| 610 | 1 | |a данные | |
| 700 | 1 | |a Бочарова |b А. Е. | |
| 701 | 1 | |a Воронецкая |b Н. А. | |
| 712 | 0 | 2 | |a Национальный исследовательский Томский политехнический университет (ТПУ) |c (2009- ) |2 stltpush |3 (RuTPU)RU\TPU\col\15902 |
| 801 | 2 | |a RU |b 63413507 |c 20181015 |g RCR | |
| 856 | 4 | |u http://earchive.tpu.ru/handle/11683/31379 | |
| 942 | |c BK | ||